• 首页
  • 本馆介绍
  • 公告通知
  • 最新文献
  • 馆藏检索
  • 电子资源
  • 读者导购
  • 参考咨询
  • 我的图书馆
  • 登录
  • 详细信息显示
  • 放入我的书架
  • 预约/预借图书
  • 作者相关作品
  • 分类相关作品
  • 丛书相关作品
  • 出版社相关作品

书目信息

  • 表格格式
  • 工作单格式
  • 卡片格式
题名:
航空航天生物动力学
    
 
作者: 孙喜庆 主编
分册:  
出版信息: 西安   第四军医大学出版社  2005
页数: 281页
开本: 26cm
丛书名:
单 册:
中图分类: R85
科图分类:
主题词: 航空航天医学--高等教育--教材 , 航空航天医学
电子资源:
ISBN: 7-81086-234-0
000 00863nam0 2200253 450
001 012007311975
005 20070530094954.76
010    @a7-81086-234-0@dCNY34.00
100    @a20070526d2005 km y0chiy0120 ea
101 0  @achi
102    @aCN@b610000
105    @aa z 000yy
106    @ar
200 1  @a航空航天生物动力学@Ahang kong hang tian sheng wu dong li xue@f孙喜庆主编@Fsun xi qing zhu bian
210    @a西安@c第四军医大学出版社@d2005
215    @a281页@c图@d26cm
300    @a普通高等教育“十五”国家级规划教材全国高等医学院校教材
330    @a本书航空航天生物动力学(Aviation Biodynamics)是研究生物体在航空航天动力环境中生理机能变化规律及其防护措施的学科。
606 0  @a航空航天医学@x高等教育@j教材
606 0  @a航空航天医学
690    @aR85@v4
701  0 @a孙喜庆@Asun xi qing@4主编
801  0 @aCN@bRULIN@c20070530
905    @dR85@e10@s2
    
    航空航天生物动力学/孙喜庆主编.-西安:第四军医大学出版社,2005
    281页:图;26cm
    普通高等教育“十五”国家级规划教材全国高等医学院校教材
    
    ISBN 7-81086-234-0:CNY34.00
    本书航空航天生物动力学(Aviation Biodynamics)是研究生物体在航空航天动力环境中生理机能变化规律及其防护措施的学科。
●
相关链接 在E读中查询图书 在五车中查询图书 在当当中查询图书 在豆瓣中查询图书


正题名:航空航天生物动力学     索取号:R85/10         预约/预借

序号 登录号 条形码 馆藏地/架位号 状态 备注
1 0581518   205815180   第二样本阅览室/ [索取号:R85/10] 在馆    
2 0581519   205815199   第三借阅区/ [索取号:R85/10] 在馆    
唐山师范学院图书馆 欢迎您!
大连网信软件有限公司© 版权所有